Sborník vedeckých prác Stavebnej fakulty SVŠT 1964
Saved in:
| Format: | Book |
|---|---|
| Language: | Slovak |
| Published: |
Bratislava :
SVTL,
1964
|
| Tags: |
No Tags, Be the first to tag this record!
|
MARC
| LEADER | 00000nam a22000003a 4500 | ||
|---|---|---|---|
| 001 | stu165813 | ||
| 005 | 20150408182522.8 | ||
| 008 | 080625s1964----cs------------------slo-d | ||
| 040 | |a STU |b slo | ||
| 041 | 0 | |a slo | |
| 044 | |a cs | ||
| 245 | |a Sborník vedeckých prác Stavebnej fakulty SVŠT 1964 | ||
| 260 | |a Bratislava : |b SVTL, |c 1964 | ||
| 300 | |a 299 s | ||
| 996 | |b 284V032654 |c V*7011/E-330 |l VVT |s A |a 24 |w stu165813_0001 | ||